00820cam a22002171 4500001001300000003000400013005001700017008004100034010001700075020001200092040001800104050001800122110008200140245016800222260007600390300003200466500001700498650003700515700003300552999001700585sa 68018978 DLC20260227112716.0901011s1961 ii a 000 0 eng  asa 68018978  cRs10.00 aDLCcDLCdDLC00aSD431.5b.B541 aBihar (India).bForest Department.bWorking Plans Division.bSouthern Circle.10aRevised working plan for the forests of Porahat Division for the period 1953-54 to 1962-63.cPrepared by J.N. Sinha, Working Plans Officer, Southern Circle, Bihar. aPatna,bPrinted by the Superintendent, Secretariat Press, Bihar,c1961. axii, 367 p.billus.c25 cm. aCover title. 0aForest managementzIndiazBihar.1 aSinha, Jogendra Nath,d1903- c88749d88749